00447nam a2200193Ia 4500003000900000008004100009040001300050040001300063041000800076100002000084245006700104250001600171260001200187260000900199300001100208300001200219490001500231490000700246IT-RoPAU120407s9999 xx 000 0 und d aIT-RoPAU cIT-RoPAU aita aJacques Dalarum a"1 La prova del fuoco. Vita e scandalo di un prete medievale" aRoma - Bari aLaterza c1989 a178 p. c21,1 cm aQuadrante  v22